| 000 | 00654nam a2200229Ia 4500 | ||
|---|---|---|---|
| 008 | 160319s9999 xx 000 0 und d | ||
| 020 | _a9715422896 | ||
| 050 | _a398.9 | ||
| 050 | _b.P552 2002 | ||
| 245 | _aPhilippine folk literature : | ||
| 245 | _bthe proverbs / | ||
| 245 | _ccompiled and edited by Damiana L. Eugenio | ||
| 260 | _aQuezon City : | ||
| 260 | _bUniversity of the Philippines Press, | ||
| 260 | _c2001 | ||
| 300 | _aixvi,667 pages ; | ||
| 300 | _c23 cm. | ||
| 440 | _aPhilippine folk literature series ; | ||
| 650 | _aFolk literature -- Philippine | ||
| 650 | _aProverbs, Philippine | ||
| 700 | _aEugenio, Damiana L. | ||
| 999 |
_c292394 _d292394 |
||